A Textbook of Environmental Chemistry and Pollution Control (Record no. 1987)

MARC details
000 -LEADER
Fixed length control field 00463nam a2200169 4500
003 - CONTROL NUMBER IDENTIFIER
Control field SEACOMEC
005 - DATE AND TIME OF LATEST TRANSACTION
Control field 20250204130243.0
008 - FIXED-LENGTH DATA ELEMENTS--GENERAL INFORMATION
Fixed length control field 250204b |||||||| |||| 00| 0 eng d
020 ## - INTERNATIONAL STANDARD BOOK NUMBER / ISBN
International Standard Book Number 9788121908832
Price 125.00
040 ## - CATALOGING SOURCE
Original cataloging agency SEACOMEC
082 ## - DEWEY DECIMAL CLASSIFICATION NUMBER
Classification number 517.14
Book Number D213
100 ## - MAIN ENTRY--PERSONAL NAME
Personal name Dara, S S
245 ## - TITLE STATEMENT
Title A Textbook of Environmental Chemistry and Pollution Control
Statement of responsibility / S S Dara
260 ## - IMPRINT
Place of publication New Delhi :
Name of publisher S. Chand Publishing,
Date of publication 1993
300 ## - PHYSICAL DESCRIPTION
Page / Vol. No 414p
942 ## - ADDED ENTRY ELEMENTS (KOHA)
Koha item type Books
Holdings
Withdrawn status Lost status Source of classification Damaged status Not for loan Home library Current library Date acquired Total Checkouts Call number Accession number Date last seen Price effective from Koha item type Copy number
    Dewey Decimal Classification     SEACOM ENGINEERING COLLEGE SEACOM ENGINEERING COLLEGE 05/08/2008   517.14 D213 12700 04/02/2025 04/02/2025 Books  
    Dewey Decimal Classification     SEACOM ENGINEERING COLLEGE SEACOM ENGINEERING COLLEGE 05/08/2008   517.14 D213 12701 04/02/2025 04/02/2025 Books 1
    Dewey Decimal Classification     SEACOM ENGINEERING COLLEGE SEACOM ENGINEERING COLLEGE 05/08/2008   517.14 D213 12702 04/02/2025 04/02/2025 Books 2
    Dewey Decimal Classification     SEACOM ENGINEERING COLLEGE SEACOM ENGINEERING COLLEGE 05/08/2008   517.14 D213 12703 04/02/2025 04/02/2025 Books 3
    Dewey Decimal Classification     SEACOM ENGINEERING COLLEGE SEACOM ENGINEERING COLLEGE 05/08/2008   517.14 D213 12704 04/02/2025 04/02/2025 Books 4
© Seacom Engineering College, All rights reserved.      Powered by Koha